000 01070nam a2200217Ia 4500
003 Ost
005 20260507075052.0
008 260507s9999||||xx |||||||||||||| ||und||
040 _cfsecg
041 _aara
082 _a1.6425
100 _aالفيومي، محمد
_eمؤلف
245 0 _aالمحاسبة والحاسبات الآلية :
_bويندوز 2000،وورد2000،اكسل2000 /
_c محمد الفيومي
260 _aالاسكندرية:
_bدار الجامعة الجديدة للنشر,
_c2002
300 _a454 صفحة؛
_bإيضاحات ؛
_c24 سم
520 _aمقدم الحاسب ونظام التشغيل دوس، التعريف بالحاسب وقدرته وحدود استخدامه، برنامج الحاسب، خصائص برنامج ويندوز 2000، أساسيات برنامج اكسل، دور 2000 وتطبيقاته الادارية
653 _aالحاسبات الالكترونية-برامج
653 _aالمحاسبة
700 _aمبارك، صلاح الدين
_eمؤلف ثانوي
942 _cكتاب
999 _c42669
_d42669